| 000 | 00675nam a2200265Ia 4500 | ||
|---|---|---|---|
| 008 | 210210b1951 xxu||||| |||| 00| 0 eng d | ||
| 041 | _aeng | ||
| 082 | _a590/156 | ||
| 100 | _aHYMAN (L H) | ||
| 245 | _aInvertebrates III: Acanthocephala, Aschelminthes, and Entoprocta the Pseudocoelomate Bilateria | ||
| 260 |
_aNew York _bMc Graw Hill Book Co., _c1951 |
||
| 300 | _avii,572 | ||
| 440 | _a3 | ||
| 650 | _athe | ||
| 650 | _aPseudocoelomate | ||
| 650 | _aInvertebrates | ||
| 650 | _aIII: | ||
| 650 | _aEntoprocta | ||
| 650 | _aBilateria | ||
| 650 | _aAschelminthes, | ||
| 650 | _aand | ||
| 650 | _aAcanthocephala, | ||
| 690 | _aZoology | ||
| 906 | _a010728 | ||
| 999 |
_c138514 _d138514 |
||